000 00442nam a22001697a 4500
005 20260413115053.0
008 260413b |||||||| |||| 00| 0 eng d
020 _a9783961710133
040 _cPK-LaNCA
082 _a747.883
_bBIN
100 _aBingham, Claire
245 _aHomes away from home
260 _ateNeues Publishing Group
_bBerlin
_c2017
300 _aPages unmarked,; ills
650 _aHomes - Interior design
942 _cBK
999 _c67206
_d67206